| 000 | 00000nam 2200000za 4500 |
| 001 | 9.835166 |
| 003 | CaOODSP |
| 005 | 20221107150613 |
| 007 | cr ||||||||||| |
| 008 | 170623s2017 onc ob f000 0 fre d |
| 020 | |a978-0-660-08292-9|z978-0-660-08293-6 |
| 040 | |aCaOODSP|bfre |
| 043 | |an-cn--- |
| 086 | 1 |aH129-73/2017F-PDF|zH129-73/2017F |
| 245 | 00|aEffets du cannabis sur la santé |h[ressource électronique]. |
| 260 | |a[Ottawa] : |bSanté Canada, |cc2017. |
| 300 | |a4 p. |
| 500 | |aPubl. aussi en anglais sous le titre: Health effects of cannabis. |
| 500 | |aTitre de départ. |
| 504 | |aComprend des références bibliographiques. |
| 520 | |a« La consommation de cannabis (ou marijuana) peut avoir un usage thérapeutique, mais elle peut également comporter des risques pour la santé. Une substance chimique nommée delta-9-tétrahydrocannabinol (THC) est responsable des effets du cannabis sur le cerveau et sur l’organisme. Même si le cannabis peut servir à certaines fins thérapeutiques, sa consommation engendre des effets à court ou à long terme qui peuvent être néfastes pour la santé physique et mentale »--p. [1]. |
| 530 | |aÉgalement publ. en version imprimée. |
| 692 | 07|2gccst|aDrogue |
| 692 | 07|2gccst|aConsommation de drogues |
| 692 | 07|2gccst|aImpact sur la santé |
| 710 | 1 |aCanada. |bSanté Canada. |
| 775 | 08|tHealth effects of cannabis |w(CaOODSP)9.835162 |
| 776 | 0#|tEffets du cannabis sur la santé |w(CaOODSP)9.835167 |
| 856 | 40|qPDF|s299 Ko|uhttps://publications.gc.ca/collections/collection_2017/sc-hc/H129-73-2017-fra.pdf |
| 986 | |a170013 |